00332 2200133 4500001002100000005001500021035002000036245006500056260003300121082000800154084001200162990001200174990001200186INLIS00000000000260020250605022210 a0010-0625000186 aTrik dan Tips Berhitung yang Lebih Cepat /cEdward H. Julius aBandung :bPakar Raya,c1992 a510 a510 TRI a0320347 a0320348